000 00323nam a22001337a 4500
008 190226b xxu||||| |||| 00| 0 eng d
020 _a0808907344
041 _aeng
080 _a159.9
100 _a49
101 _aPSI
245 _aA Handicapped Child in the Family. A Guide for Parents
_cHeisler, V
942 _2udc
_cBK
999 _c54306
_d54306